000 00581nam a2200229Ia 4500
003 OSt
005 20221007102341.0
006 a|||||r|||| 00| 0
007 ta
008 221006b |||||||| |||| 00| 0 eng d
024 _a10,110
037 _cTextual
040 _aLCO
_cLCO
_beng
041 _2eng
_aeng
100 _aFazal M.A. Au.
245 0 _aJudicial Control Of Administration Action etc.
250 _a3rd
260 _aNew
_bDelhi Lexis, Nexis Butterworths India
_c2000
300 _a751
942 _cTEXL
999 _c1179673
_d1179673